All the Pasha's men : Mehmed Ali, his army, and the making of modern Egypt

Khaled Fahmy offers a new interpretation of modern Egyptian history and the rise of Egyptian nationalism in a theoretically informed study. Basing his work on previously neglected archival material, the author demonstrates how Mehmed Ali built up the Egyptian army to further his own ambitions rather...

Descripció completa

Guardat en:
Dades bibliogràfiques
Autor principal: Fahmy, Khaled
Format: Llibre
Idioma:Undetermined
Publicat: Cambridge Cambridge University Press 1997
Matèries:
Etiquetes: Afegir etiqueta
Sense etiquetes, Sigues el primer a etiquetar aquest registre!
Thư viện lưu trữ: Trung tâm Học liệu Trường Đại học Cần Thơ
LEADER 01429nam a2200253Ia 4500
001 CTU_166480
008 210402s9999 xx 000 0 und d
020 |c 158.00 
082 |a 355 
082 |b F157 
100 |a Fahmy, Khaled 
245 0 |a All the Pasha's men : 
245 0 |b Mehmed Ali, his army, and the making of modern Egypt 
245 0 |c Khaled Fahmy 
260 |a Cambridge 
260 |b Cambridge University Press 
260 |c 1997 
520 |a Khaled Fahmy offers a new interpretation of modern Egyptian history and the rise of Egyptian nationalism in a theoretically informed study. Basing his work on previously neglected archival material, the author demonstrates how Mehmed Ali built up the Egyptian army to further his own ambitions rather than as a means of gaining Egyptian independence. In this way, the book challenges traditionally held views about early nineteenth-century Egypt and the role of Mehmed Ali as the founder of modern Egypt. The book will be essential reading for students of the Middle East, Ottomanists, military historians and those interested in the construction of the modern nation state. 
650 |a Egypt,Egypt,Ai Cập,Ai Cập 
650 |x History,Jaysh,Military life,History,Jaysh,Lịch sử,Jaysh,Lịch sử 
650 |y 19th century 
650 |z Thể kỷ thứ 19 
904 |i Qhieu 
980 |a Trung tâm Học liệu Trường Đại học Cần Thơ